000 00199nam a2200109Ia 4500
100 _a#N/A
942 _cBK
245 _aFLUID MECHANICS byCENGEL
260 _b#N/A
546 _aENGLISH
999 _c23424
_d23424